| 000 | 01415cam a2200397 a 4500 | ||
|---|---|---|---|
| 999 |
_c28838 _d28809 |
||
| 001 | 265317 | ||
| 003 | EG-ScBUE | ||
| 005 | 20200927102752.0 | ||
| 008 | 830408r19631949enkab f bd 00100 eng d | ||
| 020 | _a0140201858 | ||
| 035 | _a(OCoLC)ocn687721764 | ||
| 035 | _a(CStRLIN)CTYG83-B11954 | ||
| 035 | _a265317 | ||
| 040 |
_aEG-ScBUE _beng _erda _cEG-ScBUE _dCtY _dEG-ScBUE |
||
| 043 |
_ae-uk-en _ae-uk-wl |
||
| 082 | 0 | 4 |
_a554.2 _bTRU _222 |
| 100 | 1 |
_aTrueman, A. E. _q(Arthur Elijah), _cSir, _d1894- _eauthor. |
|
| 245 | 1 | 0 |
_aGeology and scenery in England and Wales / _cby A. E. Trueman, formerly professor of geology in the University of Glasgow. |
| 250 | _aReprinted edition. | ||
| 264 | 1 |
_aMiddlesex : _bPenguin Books Ltd, _c1963. |
|
| 300 |
_a334 pages : _billustrations, maps ; _c20 cm. |
||
| 336 |
_2rdacontent _atext _btxt |
||
| 337 |
_2rdamedia _aunmediated _bn |
||
| 338 |
_2rdacarrier _avolume _bnc |
||
| 490 | 0 | _aa Pelican books | |
| 500 | _aFirst ed. published in 1938 under title: The scenery of England and Wales. | ||
| 500 | _aIncludes glossary. | ||
| 504 | _aIncludes bibliographical references and index. | ||
| 650 | 7 |
_aGeology _zEngland. _2BUEsh |
|
| 650 | 7 |
_aGeology _zWales. _2BUEsh |
|
| 651 | 7 |
_aEngland _xDescription and travel. _2BUEsh |
|
| 651 | 7 |
_aWales _xDescription and travel. _2BUEsh _930485 |
|
| 653 |
_bGGEN _cSeptember2020 |
||
| 655 |
_vReading book _934232 |
||
| 942 |
_2ddc _cBB |
||